000 00590nam a2200217Ii 4500
001 19607
003 CO-ViMGA
008 241108s9999||||xx |||||||||||||| ||und||
020 _a9789978803691
040 _aCO-ViMGA
_bspa
_erda
_cCO-ViMGA
041 0 _aspa
084 _aC HER12g
100 1 _aMarĂ­a Fernanda Heredia
_950168
245 1 0 _aGracias
264 1 _aQuito, Ecuador : Libresa, 2007
300 _avolumen
336 _atext
_btxt
_2rdacontent
337 _aunmediated
_bn
_2rdamedia
338 _avolume
_bnc
_2rdacarrier
940 _aidficha_siabuc: 19263. -- ficha_no_siabuc:19607
999 _c44850
_d44850